Women in Texas industries : (Record no. 36189)
[ view plain ]
| 000 -LEADER | |
|---|---|
| fixed length control field | 00954cam a22002771a 4500 |
| 001 - CONTROL NUMBER | |
| control field | l 36000051 |
| 003 - CONTROL NUMBER IDENTIFIER | |
| control field | DLC |
| 005 - DATE AND TIME OF LATEST TRANSACTION | |
| control field | 20260227111535.0 |
| 008 - FIXED-LENGTH DATA ELEMENTS--GENERAL INFORMATION | |
| fixed length control field | 761007s1936 dcu f000 0 eng |
| 010 ## - LIBRARY OF CONGRESS CONTROL NUMBER | |
| LC control number | l 36000051 |
| 035 ## - SYSTEM CONTROL NUMBER | |
| System control number | (OCoLC)2487957 |
| 040 ## - CATALOGING SOURCE | |
| Original cataloging agency | DLC |
| Transcribing agency | Tx |
| Modifying agency | DLC |
| 042 ## - AUTHENTICATION CODE | |
| Authentication code | premarc |
| 050 00 - LIBRARY OF CONGRESS CALL NUMBER | |
| Classification number | HD6093 |
| Item number | .A35 no. 126 |
| 086 0# - GOVERNMENT DOCUMENT CLASSIFICATION NUMBER | |
| Classification number | L 13.3:126 |
| 100 1# - MAIN ENTRY--PERSONAL NAME | |
| Personal name | Sullivan, Mary Loretta. |
| 245 10 - TITLE STATEMENT | |
| Title | Women in Texas industries : |
| Remainder of title | hours, wages, working conditions, and home work / |
| Statement of responsibility, etc. | by Mary Loretta Sullivan and Bertha Blair. |
| 260 ## - PUBLICATION, DISTRIBUTION, ETC. | |
| Place of publication, distribution, etc. | Washington, D.C. : |
| Name of publisher, distributor, etc. | For sale by U.S. G.P.O., |
| Date of publication, distribution, etc. | 1936. |
| 300 ## - PHYSICAL DESCRIPTION | |
| Extent | v, 81 p., [2] p. of plates : |
| Other physical details | ill. ; |
| Dimensions | 23 cm. |
| 440 #0 - SERIES STATEMENT/ADDED ENTRY--TITLE | |
| Title | Bulletin of the Women's Bureau ; |
| Volume/sequential designation | no. 126 |
| 650 #0 - SUBJECT ADDED ENTRY--TOPICAL TERM | |
| Topical term or geographic name entry element | Women |
| General subdivision | Employment |
| Geographic subdivision | Texas |
| Form subdivision | Statistics. |
| 650 #0 - SUBJECT ADDED ENTRY--TOPICAL TERM | |
| Topical term or geographic name entry element | Wages |
| General subdivision | Women |
| Geographic subdivision | Texas |
| Form subdivision | Statistics. |
| 650 #0 - SUBJECT ADDED ENTRY--TOPICAL TERM | |
| Topical term or geographic name entry element | Hours of labor |
| Geographic subdivision | Texas |
| Form subdivision | Statistics. |
| 700 1# - ADDED ENTRY--PERSONAL NAME | |
| Personal name | Blair, Bertha. |
| 710 1# - ADDED ENTRY--CORPORATE NAME | |
| Corporate name or jurisdiction name as entry element | United States. |
| Subordinate unit | Women's Bureau. |
No items available.